Central Library OPAC University of Rajshahi

The Holy Sinner / (Record no. 23045)

MARC details
000 -LEADER
fixed length control field 00718nam a22002531 4500
001 - CONTROL NUMBER
control field 23045
003 - CONTROL NUMBER IDENTIFIER
rucl marc code BD-RjUL
005 - DATE AND TIME OF LATEST TRANSACTION
control field 20211209000903.0
008 - FIXED-LENGTH DATA ELEMENTS--GENERAL INFORMATION
fixed length control field 140310r19561951enk 000 1 eng
035 ## - SYSTEM CONTROL NUMBER
System control number (BD-RjUL)23110
040 ## - CATALOGING SOURCE
Original cataloging agency DLC
Transcribing agency DLC
Modifying agency DLC
-- BD-RjUL
Language of cataloging eng
041 1# - LANGUAGE CODE
Language code of text/sound track or separate title engger
082 00 - DEWEY DECIMAL CLASSIFICATION NUMBER
Classification number 833.91
Author mark and year MAH 1956
100 1# - MAIN ENTRY--PERSONAL NAME
Personal name Mann, Thomas,
Dates associated with a name 1875-1955.
9 (RLIN) 71076
245 14 - TITLE STATEMENT
Title The Holy Sinner /
Statement of responsibility, etc. translated from the German by H. T. Lowe-Porter.
250 ## - EDITION STATEMENT
Edition statement 1st ed.
260 ## - PUBLICATION, DISTRIBUTION, ETC. (IMPRINT)
Place of publication, distribution, etc. London :
Name of publisher, distributor, etc. Secker and Warburg,
Date of publication, distribution, etc. c1951 [Reprinted 1956].
300 ## - PHYSICAL DESCRIPTION
Pagination vi, 280 p. ;
Size 20 cm.
650 #0 - SUBJECT ADDED ENTRY--TOPICAL TERM
Topical term or geographic name as entry element Incest
Form subdivision Fiction.
9 (RLIN) 71077
942 ## - ADDED ENTRY ELEMENTS (KOHA)
Source of classification or shelving scheme Dewey Decimal Classification
Koha item type Books
Holdings
Lost status Source of classification or shelving scheme Damaged status Not for loan Collection code Permanent Location Current Location Shelving location Date acquired Source of acquisition Cost, normal purchase price Total Checkouts Full call number Date last seen Copy number Koha item type
  Dewey Decimal Classification   Added to bundle Fiction Central Library, University of Rajshahi Central Library, University of Rajshahi Reading Room 31/07/1964 Zitlinger 21.00   833.91 MAH 1956 10/03/2014 C-1 Books
  Dewey Decimal Classification     Fiction Central Library, University of Rajshahi Central Library, University of Rajshahi   13/10/1965 Blackwell. 21.00   833.91 MAH 1956 10/03/2014 C-2 Books